L'influencie politique de Claude Lévi-Strauss: essai de généalogie (Record no. 545342)
[ view plain ]
| 000 -CABECERA | |
|---|---|
| Campo de control de longitud fija | 00451nab a2200145Ia 4500 |
| 003 - IDENTIFICADOR DEL NÚMERO DE CONTROL | |
| Campo de control | ES-SlBCS |
| 005 - FECHA Y HORA DE LA ÚLTIMA TRANSACCIÓN | |
| Campo de control | 20210601130346.0 |
| 008 - CÓDIGOS DE INFORMACIÓN DE LONGITUD FIJA | |
| Campo de control de longitud fija | 140529s2011 xxu||||| |||| 00| 0 fre d |
| 041 ## - CÓDIGO DE LENGUA | |
| Código de lengua del texto/banda sonora o título independiente | fre |
| 100 1# - PUNTO DE ACCESO PRINCIPAL-NOMBRE DE PERSONA | |
| Nombre de persona | Pajon, Alexandre |
| 9 (RLIN) | 172051 |
| 245 00 - MENCIÓN DE TÍTULO | |
| Título | L'influencie politique de Claude Lévi-Strauss: essai de généalogie |
| Mención de responsabilidad, etc. | Alexandre Pajon |
| 600 14 - PUNTO DE ACCESO ADICIONAL DE MATERIA-NOMBRE DE PERSONA | |
| Nombre personal | Lévi-Strauss, Claude |
| 9 (RLIN) | 95705 |
| 773 0# - ENLACE AL DOCUMENTO FUENTE | |
| Título | Esprit |
| Parte(s) relacionada(s) | nº. 377, 2011, págs. 87-98 |
| Número de control del registro relacionado | Rev1438 |
| 942 ## - ENTRADA DE ELEMENTOS AGREGADOS (KOHA) | |
| Koha [por defecto] tipo de item | Artículos de revista |
| Suprimido | Perdido | Estropeado | No para préstamo | Localización permanente | Localización actual | Localización en estantería | Fecha adquisición | Préstamos totales | Fecha última consulta | Fecha del precio de reemplazo | Tipo de item de Koha |
|---|---|---|---|---|---|---|---|---|---|---|---|
| San Esteban | San Esteban | Depósito de revistas | 11/07/2014 | 11/07/2014 | 11/07/2014 | Artículos de revista |
